| 000 | 00574nam a2200193Ia 4500 | ||
|---|---|---|---|
| 003 | OSt | ||
| 005 | 20260101122923.0 | ||
| 008 | 008 250505s9999 xx 000 0 eng d | ||
| 037 | _aTextbook | ||
| 040 |
_aFEDL _beng _cFEDL |
||
| 041 |
_aeng _2eng |
||
| 082 | _a294.503, ENC | ||
| 100 |
_aWalker Benjamin _9860924 |
||
| 245 | 0 | _aHindu World: An encyclopedic survey of Hinduism, 2 V | |
| 260 |
_aLondon, UK _bGeorge Allen and Unwin Ltd. _c1968 |
||
| 300 | _axiii, 609p. | ||
| 942 |
_cTB _h294.503, ENC _2ddc _n0 |
||
| 999 |
_c1364921 _d1364921 |
||